La genealogía forense como herramienta emergente de investigación criminal en España / (Registro nro. 173097)
[ vista simple ]
| 000 -LEADER | |
|---|---|
| fixed length control field | 01376cam a2200385 i 4500 |
| 001 - CONTROL NUMBER | |
| control field | 23081837 |
| 006 - FIXED-LENGTH DATA ELEMENTS--ADDITIONAL MATERIAL CHARACTERISTICS--GENERAL INFORMATION | |
| fixed length control field | m o d |
| 007 - PHYSICAL DESCRIPTION FIXED FIELD--GENERAL INFORMATION | |
| fixed length control field | cr un ---uuuua |
| 008 - FIXED-LENGTH DATA ELEMENTS--GENERAL INFORMATION | |
| fixed length control field | 230330s2022 sp ad ob 000 0 spa d |
| 010 ## - LIBRARY OF CONGRESS CONTROL NUMBER | |
| LC control number | 2023377163 |
| 020 ## - INTERNATIONAL STANDARD BOOK NUMBER | |
| International Standard Book Number | 9788411225700 |
| Qualifying information | (paperback) |
| 035 ## - | |
| -- | 38799 |
| 040 ## - CATALOGING SOURCE | |
| Original cataloging agency | UtOrBLW |
| Language of cataloging | eng |
| Description conventions | rda |
| Transcribing agency | UtOrBLW |
| 042 ## - | |
| -- | lccopycat |
| 043 ## - | |
| -- | e-sp--- |
| 050 #4 - | |
| -- | HV8073 |
| -- | .R63 2022 |
| 082 04 - | |
| -- | 363.25 |
| -- | 23 |
| 100 1# - MAIN ENTRY--PERSONAL NAME | |
| Personal name | Rodríguez Arcas, Beatriz, |
| Relator term | author. |
| 245 13 - TITLE STATEMENT | |
| Title | La genealogía forense como herramienta emergente de investigación criminal en España / |
| Statement of responsibility, etc | Beatriz Rodríguez Arcas. |
| 264 #1 - | |
| -- | Madrid : |
| -- | Universidad Camilo José Cela : |
| -- | Dykinson, |
| -- | 2022. |
| 300 ## - PHYSICAL DESCRIPTION | |
| Extent | 1 online resource (100 pages) : |
| Other physical details | illustrations (some color), charts |
| 336 ## - | |
| -- | text |
| -- | txt |
| -- | rdacontent |
| 337 ## - | |
| -- | computer |
| -- | c |
| -- | rdamedia |
| 338 ## - | |
| -- | online resource |
| -- | cr |
| -- | rdacarrier |
| 490 1# - SERIES STATEMENT | |
| Series statement | Estudios de criminología y política criminal |
| 504 ## - BIBLIOGRAPHY, ETC. NOTE | |
| Bibliography, etc | Includes bibliographical references (pages 95-100). |
| 650 #0 - SUBJECT ADDED ENTRY--TOPICAL TERM | |
| Topical term or geographic name as entry element | Genetic genealogy |
| Geographic subdivision | Spain. |
| 650 #0 - SUBJECT ADDED ENTRY--TOPICAL TERM | |
| Topical term or geographic name as entry element | Forensic sciences |
| Geographic subdivision | Spain. |
| 650 #0 - SUBJECT ADDED ENTRY--TOPICAL TERM | |
| Topical term or geographic name as entry element | Criminal investigation |
| Geographic subdivision | Spain. |
| 650 #0 - SUBJECT ADDED ENTRY--TOPICAL TERM | |
| Topical term or geographic name as entry element | Forensic genetics |
| Geographic subdivision | Spain. |
| 830 #0 - | |
| -- | Estudios de criminología y política criminal. |
| 856 40 - LOCALIZACIÓN Y ACCESO ELECTRÓNICO | |
| Identificador Uniforme del Recurso (URI/URL) | https://app.vlex.com/#/sources/38799 |
| 942 ## - | |
| -- | RAA |
| 999 ## - | |
| -- | 173097 |
| -- | 173097 |
No hay ítems disponibles.